| 000 | 00596cam a22002052a 4500 | ||
|---|---|---|---|
| 001 | 020663 | ||
| 003 | AR-FADEU | ||
| 008 | 311216n2005####xxu####################dd | ||
| 020 | _a950-767-017-3 | ||
| 092 |
_aA863.44 _bD545 |
||
| 100 | _aDi Crocce, Gustavo Abel | ||
| 245 | _aEl enigma de Mullady | ||
| 260 | _aViedma | ||
| 260 | _bFondo Editorial Rionegrino | ||
| 260 | _c2005 | ||
| 300 | _a125 p | ||
| 500 | _aPrimer premio narrativa. Concurso de escritores inéditos rionegrinos 2005 | ||
| 650 | _aNARRATIVA ARGENTINA-SIGLO XX; CUENTO; LITERATURA RIONEGRINA-CUENTOS | ||
| 942 | _cBDGR | ||
| 999 |
_c26383 _d26383 |
||